000 00655nmm a2200193Ia 4500
008 251105s9999||||xx |||||||||||||||||und||
020 _a9780231122320
041 _aeng
100 _aCapatti, Alberto
245 0 _aItalian Cuisine :
_b A Cultural History
264 _a[Washington, Estados Unidos] :
_bColumbia University Press,
_c[Fecha de publicación no identificada]
300 _a0 pƔginas
490 _aArts and Traditions of the Table: Perspectives on Culinary History
700 _aCapatti, Alberto
700 1 _a Montanari, Massimo
700 1 _a O'Healy, Aine
856 _uhttps://public.digitaliapublishing.com/a/75783
942 _cCF
999 _c63490
_d63490